1633 1221 1551 1837 1119 1826 1864 1904 1153 1945 1706 1949 1477 1379 1369 1105 1133 1453 1636 1213 1262 1153 1612 1150 1842 1846 1402 1813 1295 1500 1129 1666 1932 1946 1407 1323 1197 1796 1533 1574 1040 1923 1214 1322 1929 1173 1427 1320 1958 1927 1424 1034 1726 1430 1775 1634 1424 1257 1292 1146 1402 1278 1158 1188 1865 1481 1365 1911 1346 1350 1345 1936 1541 1407 1773 1054 1874 1004 1932 1148 1308 1085 1145 1765 1337 1612 1100 1450 1742 1475 1410 1690 1863 1315 1887 1592 1093 1869 1673 BCNSPRNW ULIB Ver.6.0+V

เปลี่ยนเป็นภาษาไทย

Change to English
 แสดงรายละเอียดบรรณานุกรม
  กลับหน้าหลัก

Brief Record : Get Marc (ISO 2709) : E-mail record : QR code < ปิดหน้าต่าง
LEADER : 00000nam 2200000uu 4500
001    13399126836
003     ULIB
008    190508s2559||||th 000 0 tha d
020    ^a9786164137950
050  4 ^aLC315.T5^bอ911ก
100 0  ^aเอมอัชฌา วัฒนบุรานนท์
245 10 ^aการวิจัยพัฒนาโมเดลเลิฟเพื่อสร้างเสริมความเป็นมนุษย์ที่สมบูรณ์ :^bชุดโครงการวิจัยสำหรับนิสิตระดับอุดมศึกษา = Development researchof LOVE MODEL for enhancing comprehensive humanization : aresearch program for higher education students /^cเอมอัชฌาวัฒนบุรานนท์
246 31 ^aDevelopment research of LOVE MODEL for enhancingcomprehensive humanization :^ba research program forhigher education students
260    ^aกรุงเทพฯ :^bคณะครุศาสตร์ จุฬาลงกรณ์มหาวิทยาลัย,^c2559
300    ^aก-ผ, 422 หน้า :^bภาพประกอบ ;^c26 ซม.
650  0 ^aSelf-esteem
650  0 ^aContemplative education
650  0 ^aSex instruction for teenagers
650  0 ^aThanatology
650  4 ^aความนับถือตนเอง
650  4 ^aจิตตปัญญาศึกษา
650  4 ^aเพศศึกษาสำหรับวัยรุ่น
650  4 ^aมรณวิทยา
650  4 ^aวิจัย
653    ^aโมเดลเลิฟ
710 2  ^aจุฬาลงกรณ์มหาวิทยาลัย.^bคณะครุศาสตร์
945    ^p400^l0^i005497
945    ^p400^l0^i005496
999    ^aอังศุธร กาญจนาโรจน์พันธ์
รายการนี้ยังไม่มีแท็ก
คุณยังไม่ได้ล็อกอิน คุณสามารถมีกิจกรรมร่วมกับเว็บไซต์ได้ แต่ต้องล็อกอินก่อน ::
  ล็อกอิน

รายการสื่อสารสนเทศ

ลำดับที่ ประเภท เลขเรียก/บาร์โค้ด สถานที่ สถานะ
1. การศึกษาทั่วไป
หนังสือสำรอง
สถานะ=หนังสือสำรอง
LC315.T5 อ911ก ฉ.1 
  Barcode: 005496
ห้องสมุดวิทยาเขตสวรรค์ประชารักษ์
►หนังสือทั่วไป
บนชั้น
Note:บริจาค
2. การศึกษาทั่วไป
การศึกษาทั่วไป
LC315.T5 อ911ก ฉ.2 
  Barcode: 005497
ห้องสมุดวิทยาเขตสวรรค์ประชารักษ์
►หนังสือทั่วไป
บนชั้น
Note:บริจาค

รายการใกล้เคียง
    ผู้แต่ง [เอมอัชฌา วัฒนบุรานนท์]

    หัวเรื่อง [ความนับถือตนเอง]
    หัวเรื่อง [จิตตปัญญาศึกษา]
    หัวเรื่อง [เพศศึกษาสำหรับวัยรุ่น]
    หัวเรื่อง [วิจัย]

BibComment


ยังไม่เคยถูกคอมเมนท์

คอมเมนท์ทรัพยากรรายการนี้
  คอมเมนท์: การวิจัยพัฒนาโมเ..


 Copyright 2026. Bcnsprnw @Library